=LDR 00000nam 2200000 4500 =001 NUTBA000000000003039 =005 20140717092239.0 =006 =007 =008 =020 ##$$a 602-8506-93-1 =035 ##$$a 0010-071400000000227 =040 ##$$a NBPDMAT =082 ##$$a 510 =090 ##$$a 510 $b Ide b =100 ##$$a Idey Setiasih =245 ##$$a Brisan dan deret bilangan / $c Idea Setiasih =260 ##$$a Jakarta : $b Multazam Mulia Utama, $c 2011 =300 ##$$a iv, 68 hlm. : $b ilus. ; $c 21 cm. =650 ##$$a Matematika-bilangan =990 ##$$a 21405382